000 00419nam a22001697a 4500
005 20160430122913.0
008 160430b xxu||||| |||| 00| 0 eng d
020 _a81-7036702-6
041 _aeng
082 _b1081
100 _aramnarayan S. Nilakant. V.
_9346
245 _aManaging organisational charge
260 _aNew Delhi
_bResponse books.
_c1998
300 _a380
650 _aManagement
_9241
942 _cBK
999 _c400
_d400